000 00993njm a22003137a 4500
001 5715468
003 OSt
005 20170721092737.0
007 sdubumennmpluu
008 940804s1987 qucuun
010 _a 94756662
020 _a8314800250
028 0 0 _aJUST-22
_bJustin Time
035 _a(OCoLC)30881633
040 _aDLC
_cDLC
050 0 0 _aPS3553
_b.D36 1991
100 _aDaniels Elizabeth
245 0 0 _aBird of paradise
_bin his arms she found a paradise of love/
_cElizabeth Daniels
260 _aUSA :
_bbook margins;
_c1991
300 _a427P.
_c17cm.
500 _aBrief record.
505 0 _aOf stars and strings -- Bird of paradise -- Only one earth -- Not while I'm around -- Night and day -- EspaƱada.
511 0 _aPerformed by Sonny Greenwich ; with instrumental acc.
650 0 _aGuitar music (Jazz)
700 1 _aGreenwich, Sonny.
_4prf
906 _a7
_bcbc
_corignew
_d3
_encip
_f19
_gy-genmusic
942 _2lcc
_cBK
999 _c51192
_d51192